[Event "2MCR_3DE_2LB_1S"]
[Site "?"]
[Date "2007.??.??"]
[Round "?"]
[White "Struzka, Vlastimil"]
[Black "Jezek, Otakar"]
[Result "0-1"]
[WhiteElo "2080"]
[BlackElo "1867"]
[PlyCount "162"]
[EventDate "2007.??.??"]
[EventType "corr"]
[EventRounds "2"]
[SourceDate "2007.01.28"]

1. d4 Nf6 2. c4 e6 3. Nc3 d5 4. Nf3 Be7 5. e3 O-O 6. Bd3 dxc4 7. Bxc4 c5 8. O-O
cxd4 9. Qxd4 Qxd4 10. exd4 Nbd7 11. Bg5 Nb6 12. Be2 Rd8 13. Rac1 h6 14. Be3
Nfd5 15. Ne5 f6 16. Ng6 Bb4 17. Rfd1 Bd7 18. Nf4 Nxe3 19. fxe3 Rac8 20. Kf2
Bxc3 21. Rxc3 Rxc3 22. bxc3 Kf7 23. a3 Bc6 24. c4 g5 25. Nh5 f5 26. Rd2 Nc8 27.
Ng3 f4 28. exf4 gxf4 29. Nh5 e5 30. d5 Bd7 31. g3 Nd6 32. Kf3 fxg3 33. Nxg3 b6
34. Bd3 Rg8 35. Ne4 Ke7 36. Rf2 Rg4 37. Ke3 Nxe4 38. Bxe4 Rh4 39. Bd3 Kd6 40.
Rf6+ Kc5 41. Rf7 Rh3+ 42. Ke4 Be8 43. Rf6 Rxh2 44. Kxe5 Rh3 45. Bg6 Re3+ 46.
Kf4 Re1 47. Bxe8 Rxe8 48. Rc6+ Kd4 49. Kf5 b5 50. d6 bxc4 51. d7 Rd8 52. Rd6+
Kc5 53. Ke6 c3 54. Rd1 Kc4 55. Rc1 Kb3 56. Rb1+ Kxa3 57. Ra1+ Kb2 58. Ra5 c2
59. Rb5+ Kc3 60. Rc5+ Kd2 61. Rd5+ Kc3 62. Rc5+ Kb3 63. Ke7 Rxd7+ 64. Kxd7 a5
65. Rc6 h5 66. Rb6+ Kc3 67. Rc6+ Kd2 68. Rd6+ Kc1 69. Ra6 a4 70. Ke6 a3 71.
Rxa3 Kb2 72. Rh3 c1=Q 73. Rh2+ Kb1 74. Rxh5 Qc6+ 75. Ke7 Kb2 76. Re5 Kb3 77.
Re6 Qc7+ 78. Kf6 Qf4+ 79. Ke7 Kc4 80. Rf6 Qe5+ 81. Kf7 Kd5 0-1

[Event "2MCR_3DE_2LB_1S"]
[Site "?"]
[Date "2007.??.??"]
[Round "?"]
[White "Struzka, Vlastimil"]
[Black "Pirhala, Ladislav"]
[Result "0-1"]
[WhiteElo "2080"]
[BlackElo "2120"]
[PlyCount "152"]
[EventDate "2007.??.??"]
[EventType "corr"]
[EventRounds "2"]
[SourceDate "2007.01.28"]

1. d4 Nf6 2. c4 e6 3. Nc3 Bb4 4. Bg5 h6 5. Bh4 c5 6. e3 Qa5 7. Nge2 Ne4 8. Qd3
d5 9. a3 Nc6 10. O-O-O Bxc3 11. Nxc3 Nxc3 12. Qxc3 cxd4 13. exd4 Bd7 14. Bg3
dxc4 15. Bxc4 Qxc3+ 16. bxc3 Na5 17. Ba2 Rc8 18. Kd2 Bc6 19. Rhg1 b6 20. Rde1
O-O 21. Bd6 Rfd8 22. Bb4 Nb7 23. Be7 Rd7 24. Bh4 Na5 25. Bg3 Bd5 26. Bxd5 Rxd5
27. Kd3 Nc4 28. Ra1 Nb2+ 29. Kd2 f6 30. f4 Ra5 31. Rgb1 Nc4+ 32. Kd3 Nxa3 33.
Rb3 Nc4 34. Rxa5 Nxa5 35. Rb4 Rd8 36. Bf2 g5 37. g3 g4 38. c4 Kg7 39. Kc3 Kg6
40. Rb5 Nc6 41. Rb2 Rd7 42. Rd2 Rc7 43. Rd1 Kf5 44. Ra1 Rc8 45. Rd1 h5 46. Rd2
Na5 47. c5 Rd8 48. Ra2 Ke4 49. Re2+ Kd5 50. Bg1 Nc6 51. cxb6 axb6 52. Rb2 Rb8
53. Rb5+ Ke4 54. Kb2 h4 55. gxh4 Ne7 56. Rb3 Nd5 57. Rg3 f5 58. h3 Rg8 59. h5
Kxf4 60. Bh2 Kg5 61. hxg4 fxg4 62. Rg1 Kxh5 63. Bg3 Rf8 64. Re1 Rf3 65. Rxe6
Rxg3 66. Re5+ Kh4 67. Rxd5 Rf3 68. Rd8 g3 69. Rh8+ Kg4 70. Rg8+ Kh3 71. d5 Rf6
72. Rh8+ Kg4 73. Rg8+ Kf3 74. Kc3 g2 75. Rg5 Rh6 76. Rg7 Rh1 0-1

[Event "2MCR_3DE_2LB_1S"]
[Site "?"]
[Date "2007.??.??"]
[Round "?"]
[White "Kaas, Jaroslav"]
[Black "Doudera, Lubomir"]
[Result "1-0"]
[WhiteElo "1800"]
[BlackElo "2136"]
[PlyCount "91"]
[EventDate "2007.??.??"]
[EventType "corr"]
[EventRounds "2"]
[SourceDate "2007.01.28"]

1. e4 d5 2. exd5 Qxd5 3. Nc3 Qa5 4. d4 Nf6 5. Nf3 Bg4 6. h3 Bh5 7. g4 Bg6 8.
Ne5 e6 9. Bg2 c6 10. h4 Nbd7 11. O-O Nxe5 12. dxe5 Qxe5 13. Re1 Qc7 14. h5 Rd8
15. Qe2 Bxc2 16. Qxc2 Nxg4 17. Bg5 Bc5 18. Nd1 Qa5 19. Qc3 Qxc3 20. bxc3 Rd7
21. Bf3 h6 22. Bc1 Nf6 23. Rb1 Nd5 24. Rb3 O-O 25. Nb2 b6 26. Nc4 Rc7 27. Ne5
Rd8 28. Kg2 Ne7 29. c4 Rcc8 30. Bg4 Rd6 31. Rf3 Nf5 32. Bxf5 exf5 33. Nd3 Bd4
34. Re7 b5 35. c5 Rd5 36. Rxa7 Bxc5 37. Nxc5 Rxc5 38. Bf4 Rd5 39. Re3 Rd4 40.
Kf3 Ra4 41. Rxa4 bxa4 42. Rc3 Kh7 43. Rc4 g5 44. Be3 a3 45. Rc3 Kg7 46. Rxa3
1-0

[Event "2MCR_3DE_2LB_3S"]
[Site "?"]
[Date "2007.??.??"]
[Round "?"]
[White "Martinec, Jan"]
[Black "Tucek, Richard"]
[Result "1-0"]
[WhiteElo "2000"]
[BlackElo "1688"]
[PlyCount "89"]
[EventDate "2007.??.??"]
[EventType "corr"]
[EventRounds "2"]
[SourceDate "2007.01.28"]

1. e4 c5 2. Nf3 Nc6 3. d4 Nxd4 4. Nxd4 cxd4 5. Qxd4 d6 6. Bb5+ Bd7 7. Bxd7+
Qxd7 8. O-O e6 9. Nc3 Nf6 10. Bg5 Be7 11. Rad1 O-O 12. e5 Nd5 13. Bxe7 Qxe7 14.
Nxd5 exd5 15. exd6 Qxd6 16. Qxd5 Qxd5 17. Rxd5 Rac8 18. c3 Rfd8 19. Rfd1 Rxd5
20. Rxd5 Re8 21. Kf1 g6 22. Rd7 Rb8 23. Ke2 a6 24. Kd3 b5 25. Rd6 Ra8 26. Kc2
Kg7 27. f3 Ra7 28. Kb3 h6 29. Kb4 Re7 30. Rd2 Re6 31. a4 bxa4 32. Kxa4 f5 33.
b4 Rc6 34. Rc2 Kf6 35. c4 f4 36. c5 g5 37. Rd2 Ke5 38. Ka5 h5 39. Rd7 g4 40.
Rd6 Rxd6 41. cxd6 Kxd6 42. Kxa6 gxf3 43. gxf3 Kc7 44. b5 Kb8 45. Kb6 1-0

[Event "2MCR_3DE_2LB_2S"]
[Site "?"]
[Date "2007.??.??"]
[Round "?"]
[White "Martinovsky, Vaclav"]
[Black "Cerveny, Libor"]
[Result "1/2-1/2"]
[WhiteElo "2200"]
[BlackElo "2005"]
[PlyCount "131"]
[EventDate "2007.??.??"]
[EventType "corr"]
[EventRounds "2"]
[SourceDate "2007.01.28"]

1. e4 c6 2. d4 d5 3. e5 Bf5 4. c3 e6 5. Be3 Qb6 6. Qb3 Nd7 7. Nd2 f6 8. Ngf3
Ne7 9. h3 h5 10. Be2 Qxb3 11. axb3 Ng6 12. exf6 gxf6 13. b4 Bd6 14. b5 cxb5 15.
Bxb5 a6 16. Be2 h4 17. c4 Nf4 18. Bxf4 Bxf4 19. cxd5 exd5 20. Nb1 Nb6 21. Nc3
Kf7 22. O-O Rag8 23. Kh1 Bd6 24. Nd2 Bb4 25. Rfc1 Rc8 26. Nf1 Bxc3 27. Rxc3
Rxc3 28. bxc3 Ke6 29. Ne3 Be4 30. Kh2 Rc8 31. Ra3 Rc7 32. g4 hxg3+ 33. Kxg3 Nc8
34. Kf4 Ne7 35. c4 Ng6+ 36. Kg4 Rg7 37. f3 Ne7+ 38. Kf4 Bg6 39. c5 Nc6 40. Ra4
Rh7 41. Kg3 Rg7 42. Kf2 Rh7 43. f4 Be4 44. f5+ Kd7 45. Ng4 Rf7 46. Bf3 Ne7 47.
Rb4 Bxf3 48. Kxf3 Kc7 49. Ne3 a5 50. Rb5 Rh7 51. Kg3 Rh5 52. h4 Nxf5+ 53. Nxf5
Rxf5 54. Rxa5 Rf1 55. Ra2 Rd1 56. Rh2 Rxd4 57. h5 Re4 58. h6 Re8 59. Kg4 Kc6
60. h7 Rh8 61. Kf5 Kxc5 62. Kxf6 d4 63. Kg7 Rxh7+ 64. Kxh7 d3 65. Kg6 Kd4 66.
Rb2 1/2-1/2

[Event "2MCR_3DE_2LB_2S"]
[Site "?"]
[Date "2007.??.??"]
[Round "?"]
[White "Cerveny, Libor"]
[Black "Martinovsky, Vaclav"]
[Result "1/2-1/2"]
[WhiteElo "2005"]
[BlackElo "2200"]
[PlyCount "132"]
[EventDate "2007.??.??"]
[EventType "corr"]
[EventRounds "2"]
[SourceDate "2007.01.28"]

1. e4 c5 2. Nf3 d6 3. d4 cxd4 4. Nxd4 Nf6 5. Nc3 a6 6. Bg5 e6 7. Qf3 Be7 8. Be2
O-O 9. O-O Nc6 10. Nxc6 bxc6 11. Rad1 e5 12. Qd3 Ne8 13. Be3 Be6 14. f4 exf4
15. Bxf4 Bg5 16. Be3 Bxe3+ 17. Qxe3 Qa5 18. a3 h6 19. Kh1 Rb8 20. b3 Ra8 21.
Na4 Qe5 22. Qd3 Ra7 23. Nb6 Qc5 24. Nc4 a5 25. Qe3 Qxe3 26. Nxe3 Rd7 27. Nf5 a4
28. b4 Bxf5 29. Rxf5 Nf6 30. Bf3 Re8 31. e5 Nd5 32. c4 Ne7 33. e6 fxe6 34. Re5
Red8 35. Rxe6 Kf7 36. Rde1 Ra7 37. Kg1 d5 38. cxd5 cxd5 39. Bg4 g6 40. Rf1+ Kg7
41. b5 Nf5 42. b6 Rf7 43. Bxf5 gxf5 44. Rb1 d4 45. Kf2 d3 46. Ke1 d2+ 47. Ke2
h5 48. b7 Rb8 49. Reb6 Rd7 50. Kd1 h4 51. h3 Kh7 52. R6b4 Kg6 53. Rxh4 Rdxb7
54. Rxb7 Rxb7 55. Rxa4 Rb1+ 56. Kxd2 Rb2+ 57. Ke3 Rxg2 58. Kf4 Rf2+ 59. Kg3 Rc2
60. h4 Rc1 61. Rf4 Rc3+ 62. Rf3 Rc4 63. Kh3 Rd4 64. Rg3+ Kh6 65. Kg2 Rd2+ 66.
Kh3 Rd4 1/2-1/2

[Event "2MCR_3DE_2LB_3S"]
[Site "?"]
[Date "2007.??.??"]
[Round "?"]
[White "Hrdy, Tomas"]
[Black "Vokolek, Jaroslav"]
[Result "1/2-1/2"]
[WhiteElo "1600"]
[BlackElo "2000"]
[PlyCount "94"]
[EventDate "2007.??.??"]
[EventType "corr"]
[EventRounds "2"]
[SourceDate "2007.01.28"]

1. e4 c5 2. Nf3 Nc6 3. d4 cxd4 4. Nxd4 g6 5. c4 Nf6 6. Nc3 d6 7. Be2 Nxd4 8.
Qxd4 Bg7 9. Be3 O-O 10. Qd3 Ng4 11. Bxg4 Bxg4 12. Bd4 Bxd4 13. Qxd4 Be6 14. O-O
Qa5 15. b3 Rac8 16. Rae1 Qc5 17. Qd2 a6 18. Nd5 Rfe8 19. Rc1 Bxd5 20. cxd5 Qb5
21. Rfe1 a5 22. Qe3 a4 23. h4 h5 24. Rb1 axb3 25. Rxb3 Qd7 26. Reb1 Rc7 27. f3
Ra8 28. a3 Ra5 29. Qb6 Rac5 30. Rb5 Qc8 31. Rxc5 dxc5 32. Qa5 c4 33. Qc3 Qa8
34. Rb4 Qa7+ 35. Kh2 Qc5 36. a4 f6 37. Rb1 Kg7 38. Rb2 Qd6+ 39. g3 e6 40. Rd2
Rc5 41. dxe6 Qxe6 42. a5 Qe7 43. Rd4 Qf7 44. Kg2 Qe6 45. Qb4 Rc7 46. Rd8 Qf7
47. Qc3 Qe6 1/2-1/2

[Event "2MCR_3DE_2LB_2S"]
[Site "?"]
[Date "2007.??.??"]
[Round "?"]
[White "Paukert, Martin"]
[Black "Pensimus, Petr"]
[Result "1-0"]
[WhiteElo "2111"]
[BlackElo "1848"]
[PlyCount "93"]
[EventDate "2007.??.??"]
[EventType "corr"]
[EventRounds "2"]
[SourceDate "2007.01.28"]

1. e4 e5 2. Nf3 Nf6 3. d4 Nxe4 4. Bd3 d5 5. Nxe5 Bd6 6. O-O O-O 7. c4 Bxe5 8.
dxe5 Be6 9. cxd5 Qxd5 10. Qc2 f5 11. exf6 Nxf6 12. Nc3 Qe5 13. Ne4 Ng4 14. f4
Qd4+ 15. Nf2 h6 16. Qe2 Bd7 17. Qe4 Qxe4 18. Nxe4 Na6 19. h3 Nf6 20. b3 Nxe4
21. Bxe4 Rab8 22. Re1 Nb4 23. a3 Nc6 24. Be3 Rbe8 25. Bf3 Rf6 26. g4 Rd6 27.
Bc5 Rd3 28. Kf2 Rd2+ 29. Kg3 Rxe1 30. Rxe1 Kh8 31. Re2 Rxe2 32. Bxe2 Be6 33. b4
Bd5 34. Bf3 Bxf3 35. Kxf3 a6 36. Ke4 Kg8 37. h4 Kf7 38. h5 b6 39. Be3 Ne7 40.
Bd4 Nc6 41. Be5 Nxe5 42. Kxe5 Ke7 43. Kd5 Kd7 44. a4 c6+ 45. Kc4 Kd6 46. a5
bxa5 47. bxa5 1-0

[Event "2MCR_3DE_2LB_2S"]
[Site "?"]
[Date "2007.??.??"]
[Round "?"]
[White "Pensimus, Petr"]
[Black "Paukert, Martin"]
[Result "0-1"]
[WhiteElo "1848"]
[BlackElo "2111"]
[PlyCount "88"]
[EventDate "2007.??.??"]
[EventType "corr"]
[EventRounds "2"]
[SourceDate "2007.01.28"]

1. e4 e5 2. Nf3 Nf6 3. Nxe5 d6 4. Nf3 Nxe4 5. d4 d5 6. Bd3 Bd6 7. O-O O-O 8. c4
c6 9. Re1 Bf5 10. Qc2 Bg6 11. c5 Bc7 12. Nc3 f5 13. Qb3 Rf7 14. Ne2 Nd7 15. Nf4
Nf8 16. Be3 Re7 17. Nh4 Bxf4 18. Bxf4 Nxf2 19. Bxf5 Rxe1+ 20. Rxe1 Qxh4 21. Bg3
Qxd4 22. Bxf2 Qf4 23. Bxg6 Nxg6 24. Qxb7 Rf8 25. Be3 Qh4 26. Rf1 Qe4 27. Rxf8+
Nxf8 28. Qb3 h6 29. h3 Ng6 30. Bd2 Kh7 31. Qe3 Qb1+ 32. Kh2 Qxb2 33. Bc3 Qb8+
34. Qg3 Qf4 35. Qxf4 Nxf4 36. g3 Ne6 37. Be5 a6 38. Bd6 Kg6 39. g4 Kf6 40. h4
Nd8 41. Bc7 Nb7 42. Bb6 d4 43. Kg3 Ke5 44. Bc7+ Kd5 0-1

[Event "2MCR_3DE_2LB_3S"]
[Site "?"]
[Date "2007.??.??"]
[Round "?"]
[White "Portych, Vaclav"]
[Black "Tyrlik, Jaroslav"]
[Result "1/2-1/2"]
[WhiteElo "2147"]
[BlackElo "2101"]
[PlyCount "89"]
[EventDate "2007.??.??"]
[EventType "corr"]
[EventRounds "2"]
[SourceDate "2007.01.28"]

1. c4 e5 2. Nc3 Nc6 3. Nf3 Nf6 4. g3 d5 5. cxd5 Nxd5 6. Bg2 Be6 7. O-O f5 8. d4
e4 9. Ng5 Bg8 10. f3 Be7 11. Nxd5 Qxd5 12. Be3 Bxg5 13. Bxg5 Qxd4+ 14. Qxd4
Nxd4 15. Rad1 exf3 16. exf3 Ne6 17. Rfe1 h6 18. Be3 g6 19. Bf1 Rd8 20. Bxa7
Rxd1 21. Rxd1 Bf7 22. Be3 g5 23. a4 Ke7 24. b4 f4 25. Bc1 Rd8 26. Rxd8 Kxd8 27.
a5 Kd7 28. b5 c6 29. gxf4 Nxf4 30. a6 bxa6 31. bxa6 Kc7 32. Be3 Bb3 33. Kf2 Ba4
34. Kg3 Bb5 35. a7 Kb7 36. Bxb5 cxb5 37. Bxf4 gxf4+ 38. Kxf4 Kxa7 39. Ke5 Kb6
40. Kd5 h5 41. h3 h4 42. f4 b4 43. Kc4 Kc6 44. Kxb4 Kd5 45. Kc3 1/2-1/2

[Event "2MCR_3DE_2LB_1S"]
[Site "?"]
[Date "2007.??.??"]
[Round "?"]
[White "Doudera, Lubomir"]
[Black "Pirhala, Ladislav"]
[Result "1-0"]
[WhiteElo "2136"]
[BlackElo "2120"]
[PlyCount "109"]
[EventDate "2007.??.??"]
[EventType "corr"]
[EventRounds "2"]
[SourceDate "2007.01.28"]

1. e4 c5 2. c3 d5 3. exd5 Qxd5 4. d4 Nf6 5. Nf3 e6 6. Be2 Nc6 7. O-O Be7 8. c4
Qd8 9. dxc5 Qxd1 10. Rxd1 Bxc5 11. Nc3 O-O 12. Bf4 b6 13. a3 Bb7 14. b4 Be7 15.
Rd3 Rfd8 16. Rad1 Rxd3 17. Rxd3 h6 18. h3 g5 19. Bh2 Rc8 20. Rd1 Rd8 21. Rxd8+
Bxd8 22. Nb5 Ne8 23. Ne5 Nxe5 24. Bxe5 a6 25. Nd6 Nxd6 26. Bxd6 f5 27. Be5 Be7
28. Bd4 Bd8 29. a4 Kh7 30. f3 Kg6 31. Kf2 Bc7 32. c5 bxc5 33. Bxc5 h5 34. a5 h4
35. Bd4 e5 36. Bc3 Kf6 37. b5 axb5 38. Bxb5 Bd5 39. Bd2 f4 40. Bd3 Ke6 41. a6
Bb6+ 42. Ke2 Ke7 43. Be1 Kd6 44. Bf2 Kc7 45. a7 Ba5 46. Be4 Bxe4 47. fxe4 Kb7
48. Kf3 Bc3 49. Bc5 Bb2 50. Be7 Kxa7 51. Bxg5 Kb6 52. Kg4 Kc5 53. Kf5 Kd4 54.
Bxh4 Ke3 55. Bf6 1-0

[Event "2MCR_3DE_2LB_2S"]
[Site "?"]
[Date "2007.??.??"]
[Round "?"]
[White "Paukert, Martin"]
[Black "Cerveny, Libor"]
[Result "1/2-1/2"]
[WhiteElo "2111"]
[BlackElo "2005"]
[PlyCount "73"]
[EventDate "2007.??.??"]
[EventType "corr"]
[EventRounds "2"]
[SourceDate "2007.01.28"]

1. f4 d5 2. Nf3 g6 3. g3 Bg7 4. Bg2 Nf6 5. O-O O-O 6. d3 Nc6 7. c3 Qd6 8. Na3
a6 9. Qe1 Re8 10. h3 e5 11. fxe5 Nxe5 12. Nxe5 Qxe5 13. g4 h5 14. g5 Nh7 15. d4
Qd6 16. Bf4 Qd8 17. h4 Bf5 18. Qg3 c6 19. e3 Nf8 20. c4 Bd3 21. cxd5 cxd5 22.
Rf2 Rc8 23. Rd1 Be4 24. Bxe4 Rxe4 25. Nb1 Ne6 26. Nc3 Rxf4 27. Rxf4 Nxf4 28.
Qxf4 Qd7 29. Qf3 Rd8 30. Rf1 b5 31. a3 Qe6 32. Rf2 Bf8 33. b4 Rd7 34. Rf1 Be7
35. Kg2 Rd8 36. Rf2 Rd7 37. Rf1 1/2-1/2

[Event "2MCR_3DE_2LB_1S"]
[Site "?"]
[Date "2007.??.??"]
[Round "?"]
[White "Vinklarek, Ondrej"]
[Black "Jezek, Otakar"]
[Result "1-0"]
[WhiteElo "2000"]
[BlackElo "1867"]
[PlyCount "102"]
[EventDate "2007.??.??"]
[EventType "corr"]
[EventRounds "2"]
[SourceDate "2007.01.28"]

1. e4 e5 2. Nf3 Nf6 3. Nxe5 Qe7 4. d4 d6 5. Nf3 Qxe4+ 6. Be2 Be7 7. O-O O-O 8.
Re1 Qf5 9. c4 Re8 10. Nc3 h6 11. Bd3 Qh5 12. h3 c6 13. Qb3 Qa5 14. c5 Qd8 15.
Bf4 b6 16. Rac1 d5 17. Na4 b5 18. Nc3 a5 19. Qc2 b4 20. Ne2 Nbd7 21. Ng3 Ba6
22. Bf5 Ra7 23. Ne5 Nxe5 24. dxe5 Nd7 25. e6 fxe6 26. Rxe6 Bf8 27. Rxc6 Bb5 28.
Bxd7 Qxd7 29. Rb6 Bc4 30. Bd6 Rb7 31. Rxb7 Qxb7 32. b3 Ba6 33. c6 Qf7 34. Bxf8
Qxf8 35. c7 Bc8 36. Qc6 Qf7 37. Qc5 Rf8 38. Rc2 Be6 39. Qxa5 d4 40. Qa6 Rc8 41.
Ne2 d3 42. Qxd3 Qf8 43. Nd4 Qf7 44. Nxe6 Qxe6 45. Re2 Qf6 46. Qd7 Rxc7 47. Qxc7
Kh7 48. Qc2+ Qg6 49. Qxg6+ Kxg6 50. Re4 Kf6 51. Rxb4 Ke5 1-0

[Event "2MCR_3DE_2LB_1S"]
[Site "?"]
[Date "2007.??.??"]
[Round "?"]
[White "Jezek, Otakar"]
[Black "Vinklarek, Ondrej"]
[Result "0-1"]
[WhiteElo "1867"]
[BlackElo "2000"]
[PlyCount "108"]
[EventDate "2007.??.??"]
[EventType "corr"]
[EventRounds "2"]
[SourceDate "2007.01.28"]

1. Nf3 Nf6 2. d4 g6 3. c4 Bg7 4. Nc3 O-O 5. e4 d6 6. Be2 Nc6 7. O-O e5 8. dxe5
dxe5 9. Bg5 Qxd1 10. Rfxd1 Bg4 11. h3 Bxf3 12. Bxf3 Nd4 13. Nb5 Ne6 14. Be3 a6
15. Nc3 Rad8 16. Nd5 Nxd5 17. exd5 Nd4 18. Bxd4 exd4 19. Rd3 Rb8 20. c5 Rfe8
21. Kf1 b6 22. cxb6 Rxb6 23. b3 a5 24. Rc1 Be5 25. g3 Kf8 26. Be2 Bd6 27. Rxd4
Rb4 28. Bc4 Kg7 29. Rd3 Rbb8 30. Rdc3 h5 31. h4 Re5 32. Kg2 Bb4 33. R3c2 Rd8
34. Bb5 Rdxd5 35. Bc6 Rd4 36. Be4 Rexe4 37. Rxc7 Rd2 38. R7c2 Ree2 39. Rxd2
Rxd2 40. a4 Rb2 41. Ra1 Bc5 42. Rf1 Bb6 43. Kh3 Bxf2 44. g4 Rxb3+ 45. Kg2 Bxh4
46. gxh5 gxh5 47. Rf5 Rg3+ 48. Kf1 Rg5 49. Rf4 Bg3 50. Rc4 Rg4 51. Rc5 h4 52.
Rxa5 h3 53. Rd5 h2 54. Rh5 Bh4 0-1

[Event "2MCR_3DE_2LB_2S"]
[Site "?"]
[Date "2007.??.??"]
[Round "?"]
[White "Cerveny, Libor"]
[Black "Paukert, Martin"]
[Result "0-1"]
[WhiteElo "2005"]
[BlackElo "2111"]
[PlyCount "86"]
[EventDate "2007.??.??"]
[EventType "corr"]
[EventRounds "2"]
[SourceDate "2007.01.28"]

1. e4 c5 2. Nf3 Nc6 3. d4 cxd4 4. Nxd4 Nf6 5. Nc3 e5 6. Ndb5 d6 7. Nd5 Nxd5 8.
exd5 Nb8 9. Bd3 Be7 10. O-O O-O 11. c4 f5 12. c5 a6 13. cxd6 Bxd6 14. Bg5 Qxg5
15. Nxd6 e4 16. Be2 Nd7 17. Qb3 Ne5 18. Nxc8 Raxc8 19. d6+ Kh8 20. Qxb7 f4 21.
Qe7 Qf5 22. Bxa6 Ra8 23. Rfc1 Ng6 24. Qb7 f3 25. g3 e3 26. d7 Rad8 27. Qb5 Ne5
28. Rc8 e2 29. Qb4 Rg8 30. Rxd8 Rxd8 31. Bxe2 fxe2 32. Qe7 Qxd7 33. Qxe5 Qd1+
34. Kg2 Qxa1 35. Qxe2 Qxa2 36. h4 Rb8 37. h5 Qxb2 38. Qe3 Qb7+ 39. f3 Qd5 40.
g4 Rb2+ 41. Kh3 Qb5 42. Kh4 Qb8 43. f4 Qa8 0-1

[Event "2MCR_3DE_2LB_1S"]
[Site "?"]
[Date "2007.??.??"]
[Round "?"]
[White "Mateka, Petr"]
[Black "Motejzik, Jaroslav"]
[Result "1-0"]
[WhiteElo "2275"]
[BlackElo "2068"]
[PlyCount "79"]
[EventDate "2007.??.??"]
[EventType "corr"]
[EventRounds "2"]
[SourceDate "2007.01.28"]

1. e4 e6 2. d4 d5 3. Nc3 Nf6 4. Bg5 Be7 5. e5 Nfd7 6. h4 Bxg5 7. hxg5 Qxg5 8.
Nh3 Qe7 9. Qg4 g6 10. Qf4 Nc6 11. O-O-O Nb6 12. Ng5 h6 13. Rd3 h5 14. Rf3 Nxd4
15. Nxf7 Rf8 16. Qxd4 Rxf7 17. Rxf7 Qxf7 18. Bd3 Bd7 19. Qh4 Nc8 20. g4 Ne7 21.
Qf6 c5 22. gxh5 gxh5 23. Rg1 Qxf6 24. exf6 Kf7 25. fxe7 Rh8 26. Bb5 Bxb5 27.
Nxb5 Kxe7 28. Nxa7 h4 29. Nb5 h3 30. Rh1 Kf6 31. Kd2 Kg5 32. Ke3 Kg4 33. f3+
Kg3 34. Rg1+ Kh2 35. Kf2 e5 36. Rg4 Rf8 37. Nc3 e4 38. f4 Rf5 39. Kf1 b6 40. a4
1-0

[Event "2MCR_3DE_2LB_1S"]
[Site "?"]
[Date "2007.??.??"]
[Round "?"]
[White "Kaas, Jaroslav"]
[Black "Vinklarek, Ondrej"]
[Result "1-0"]
[WhiteElo "1800"]
[BlackElo "2000"]
[PlyCount "119"]
[EventDate "2007.??.??"]
[EventType "corr"]
[EventRounds "2"]
[SourceDate "2007.01.28"]

1. d4 d5 2. c4 c6 3. Nf3 Nf6 4. Nc3 dxc4 5. a4 Bf5 6. Ne5 e6 7. f3 Bb4 8. e4
Bxe4 9. fxe4 Nxe4 10. Bd2 Qxd4 11. Nxe4 Qxe4+ 12. Qe2 Bxd2+ 13. Kxd2 Qd5+ 14.
Kc2 Na6 15. Nxc4 O-O 16. Qe5 Rab8 17. b3 Rfd8 18. Kb2 Nc5 19. Qxd5 cxd5 20. Ne5
f6 21. Nd3 Ne4 22. g4 Rbc8 23. Bg2 g6 24. Rhe1 f5 25. gxf5 gxf5 26. Re3 Rd7 27.
Rh3 Re7 28. Rd1 Rg7 29. Bh1 a6 30. Rh6 Rg6 31. Rh5 Nf6 32. Rh3 Rg7 33. Rh6 Kf7
34. Re1 Rg5 35. Bf3 a5 36. Nf4 Rc6 37. Nxe6 Rxe6 38. Bxd5 Nxd5 39. Rhxe6 f4 40.
R6e5 h6 41. Kc1 Ne3 42. Rb5 Rxb5 43. axb5 Ke6 44. Kd2 Kd5 45. Rc1 Ng4 46. Rc4
Nxh2 47. Rxf4 h5 48. Rf5+ Kd4 49. b6 Ng4 50. Rf7 Kc5 51. Rxb7 Ne5 52. Rh7 Kxb6
53. Rxh5 Nc6 54. Kc3 Nd8 55. Kc4 Nf7 56. Rb5+ Kc6 57. Rxa5 Nd6+ 58. Kb4 Ne4 59.
Re5 Nd2 60. Ka4 1-0

[Event "2MCR_3DE_2LB_1S"]
[Site "?"]
[Date "2007.??.??"]
[Round "?"]
[White "Vinklarek, Ondrej"]
[Black "Struzka, Vlastimil"]
[Result "1/2-1/2"]
[WhiteElo "2000"]
[BlackElo "2080"]
[PlyCount "95"]
[EventDate "2007.??.??"]
[EventType "corr"]
[EventRounds "2"]
[SourceDate "2007.01.28"]

1. e4 c5 2. Nf3 Nc6 3. d4 cxd4 4. Nxd4 g6 5. Nc3 Bg7 6. Be3 Nf6 7. Nxc6 bxc6 8.
e5 Ng8 9. Bd4 Qc7 10. f4 Nh6 11. Bc4 Nf5 12. Ne4 O-O 13. Ng5 d5 14. Bb3 a5 15.
c3 Nxd4 16. cxd4 f6 17. Nf3 a4 18. Bc2 Bh6 19. g3 Bh3 20. Kf2 Bg4 21. h3 Bxf3
22. Qxf3 fxe5 23. dxe5 Bg7 24. Rhe1 Qb6+ 25. Kg2 Qxb2 26. Qd3 Qb7 27. Rab1 Qd7
28. Rb6 Rfd8 29. Reb1 c5 30. Rb7 Qe6 31. R1b6 Qf7 32. h4 d4 33. e6 Qf8 34. h5
Rac8 35. Rd7 c4 36. Qe4 d3 37. Bxa4 Qf5 38. Qxf5 gxf5 39. Rc6 Rf8 40. Rxe7 Rxc6
41. Bxc6 c3 42. h6 Bf6 43. Rc7 c2 44. Ba4 Ra8 45. Bxc2 dxc2 46. Rxc2 Re8 47.
Rc6 Kf8 48. a4 1/2-1/2

[Event "2MCR_3DE_2LB_1S"]
[Site "?"]
[Date "2007.??.??"]
[Round "?"]
[White "Kaas, Jaroslav"]
[Black "Motejzik, Jaroslav"]
[Result "1-0"]
[WhiteElo "1800"]
[BlackElo "2068"]
[PlyCount "91"]
[EventDate "2007.??.??"]
[EventType "corr"]
[EventRounds "2"]
[SourceDate "2007.01.28"]

1. e4 e6 2. d4 d5 3. Nd2 Nf6 4. e5 Nfd7 5. c3 c5 6. Bd3 Nc6 7. Ne2 cxd4 8. cxd4
f6 9. exf6 Nxf6 10. O-O Bd6 11. Nf3 O-O 12. Bf4 Bxf4 13. Nxf4 Qb6 14. b3 Bd7
15. Re1 Rae8 16. Qd2 Kh8 17. Rad1 Nxd4 18. Ne5 Nc6 19. Nxd7 Nxd7 20. Nxe6 Rf6
21. Ng5 Rxe1+ 22. Qxe1 Nf8 23. Bb1 Ne7 24. h4 Qc5 25. b4 Qc7 26. a3 a6 27. Qd2
h6 28. Nf3 Ne6 29. Re1 Qd6 30. Qe3 Nc6 31. g3 Nf8 32. Qd3 Re6 33. Rd1 Ne7 34.
Nd4 Rf6 35. Ne2 Qe5 36. Nf4 Rd6 37. Kf1 b5 38. Re1 Qf6 39. h5 Kg8 40. Re3 Rd7
41. Kg2 Qc6 42. Qe2 Qc7 43. Ne6 Nxe6 44. Rxe6 Qb7 45. Qg4 d4+ 46. Be4 1-0

[Event "2MCR_3DE_2LB_3S"]
[Site "?"]
[Date "2007.??.??"]
[Round "?"]
[White "Portych, Vaclav"]
[Black "Tucek, Richard"]
[Result "1-0"]
[WhiteElo "2147"]
[BlackElo "1688"]
[PlyCount "99"]
[EventDate "2007.??.??"]
[EventType "corr"]
[EventRounds "2"]
[SourceDate "2007.01.28"]

1. c4 c5 2. Nc3 Nf6 3. Nf3 d5 4. cxd5 Nxd5 5. g3 Nxc3 6. bxc3 e6 7. Bg2 Nc6 8.
O-O Be7 9. d4 cxd4 10. cxd4 O-O 11. Rb1 Rb8 12. Bf4 Bd6 13. Qd3 Bxf4 14. gxf4
h6 15. Rfc1 Bd7 16. Qa3 b6 17. Ne5 Nxe5 18. dxe5 Rc8 19. Rxc8 Qxc8 20. Qxa7 Qc2
21. Qxb6 Qxa2 22. e3 Ba4 23. Qb2 Qxb2 24. Rxb2 Rc8 25. h4 Rc1+ 26. Kh2 g6 27.
Rb4 Bd1 28. Rb8+ Kg7 29. Rd8 Be2 30. Rd7 Rd1 31. Rxd1 Bxd1 32. Kg3 Bb3 33. h5
f6 34. exf6+ Kxf6 35. hxg6 Kxg6 36. Be4+ Kf6 37. Bd3 Bd5 38. e4 Ba2 39. e5+ Kg7
40. f5 exf5 41. Bxf5 Bb3 42. f4 Bd5 43. Bc2 Bf7 44. f5 Bc4 45. f6+ Kf7 46. Kf4
Be6 47. Bf5 Bc4 48. Kg4 Be2+ 49. Kh4 Bd1 50. Bg4 1-0

[Event "2MCR_3DE_2LB_3S"]
[Site "?"]
[Date "2007.??.??"]
[Round "?"]
[White "Tucek, Richard"]
[Black "Portych, Vaclav"]
[Result "0-1"]
[WhiteElo "1688"]
[BlackElo "2147"]
[PlyCount "96"]
[EventDate "2007.??.??"]
[EventType "corr"]
[EventRounds "2"]
[SourceDate "2007.01.28"]

1. d4 Nf6 2. c4 e6 3. Nf3 b6 4. e3 Bb7 5. Be2 Bb4+ 6. Bd2 Bxd2+ 7. Qxd2 O-O 8.
Nc3 Ne4 9. Nxe4 Bxe4 10. O-O Qf6 11. a4 d6 12. a5 Nd7 13. axb6 axb6 14. b4 c6
15. Qb2 Qg6 16. Rxa8 Rxa8 17. Ra1 Rd8 18. Ra7 h6 19. Qa1 e5 20. Ra8 Rxa8 21.
Qxa8+ Nf8 22. Qa1 exd4 23. Qxd4 Bxf3 24. Bxf3 Qb1+ 25. Qd1 Qxb4 26. Bxc6 Qxc4
27. Bd5 Qb4 28. g3 Nd7 29. Qb3 Qxb3 30. Bxb3 b5 31. Kf1 Nc5 32. Ba2 b4 33. Ke2
Kf8 34. f3 f5 35. Bb1 g6 36. g4 fxg4 37. Bxg6 gxf3+ 38. Kxf3 Kg7 39. Bb1 Kf6
40. e4 Ke5 41. Ke3 h5 42. h4 b3 43. Kd2 Nxe4+ 44. Kc1 d5 45. Kb2 Kd4 46. Kxb3
Nd2+ 47. Kc2 Nxb1 48. Kxb1 Kd3 0-1